Republic of Ireland counties-County Cork - Statistics

General Stats
  • This quiz has been taken 9 times
  • The average score is 7 of 15
Answer Stats
Hint Answer % Correct
Irish revolutionary and soldier who fought during the Irish War of Independence, and was killed by anti-Treaty forces Michael Collins
100%
The town of Millstreet, with a population of just 1700 residents, became the smallest place to host this international singing competition in 1993 Eurovision
78%
Quaint, colourful seaside town renowned for its restaurants and eateries Kinsale
78%
The coastal town of Cobh, formerly a major port and departure point for emigrants, was known by this name until 1921 Queenstown
67%
Dairy co-operative headquartered in Mitchelstown Dairygold
56%
Opened in 1983 and situated on an island, this 100 acre zoo is Ireland's largest by area Fota Wildlife Park
56%
Not actually the southernmost point on mainland Ireland, contrary to popular belief, near the village of Baltimore Mizen Head
56%
Town which in 1980 was the site of a devastating train crash Buttevant
33%
The picturesque tourist village of Glengariff is surrounded by a large forest dominated primarily by this tree Oak
33%
Remote, windswept island located just off the Beara Peninsula; connected to the mainland by Ireland's only cable car Dursey Island
22%
Nicknamed 'Ireland's Teardrop', this isolated clay-slate outcrop houses a lighthouse and is Ireland's southernmost point Fastnet Rock
22%
Island known for its lush, subtropical, ornamental gardens Gairnish Island
22%
Island home to the headquarters of the Irish Navy, as well as being where the world's first yacht club was founded Haulbowline
22%
Hammer thrower and Olympic athlete who later became a medical doctor; he was the first Olympic athlete to compete under the Irish flag Pat O'Callaghan
22%
Ruined Franciscan friary built in 1240, overlooking Courtmacsherry Bay Timoleague Friary
22%
No matching quizzes found
Score Distribution
Percent of People with Each Score
Percentile by Number Answered
Your Score History
You have not taken this quiz